| 000 | 00713cam a22001811 4500 | ||
|---|---|---|---|
| 001 | 6902524 | ||
| 005 | 20241029192740.0 | ||
| 008 | 880405s1935 gh w 000 0 eng | ||
| 050 | 0 | 0 |
_aKRX18 / K528 _b.G75 1935 / .G4 |
| 100 | 1 |
_aGriffith, W. Brandford _q(William Brandford), _cSir, _d1858-1939. |
|
| 245 | 1 | 2 |
_aA digest of and index to the reports of cases decided in the Supreme court of the Gold coast colony. [1844-1931] / _cBy Sir William Brandford Griffith. |
| 260 |
_aAccra : _bPrinted by the government printer, _c1935. |
||
| 300 |
_axxvi p., 194 col. ; _c25 cm. |
||
| 500 | _aIn double columns. | ||
| 650 | 0 |
_aLaw reports, digests, etc. _zGhana. |
|
| 710 | 1 |
_aGold Coast. _bSupreme Court. |
|
| 942 |
_2lcc _cBK _n0 |
||
| 999 |
_c359 _d359 |
||